00311nam a2200109Ia 4500008004100000100003300041245006200074260001300136260003500149260000900184300000800193201214s9999 xx 000 0 und d aAlexander Hamilton Institute 0aHow to Plan & Manage : An Effective Wage & Salary Program aNew York bAlexander Hamilton Institute v c1979 a159